Business communication (Record no. 209219)

MARC details
000 -LEADER
fixed length control field 00381nam a2200145Ia 4500
008 - FIXED-LENGTH DATA ELEMENTS--GENERAL INFORMATION
fixed length control field 231221s9999 xx 000 0 und d
020 ## - INTERNATIONAL STANDARD BOOK NUMBER
International Standard Book Number 9780000000000
041 ## - LANGUAGE CODE
Language code of text/sound track or separate title English
082 ## - DEWEY DECIMAL CLASSIFICATION NUMBER
Classification number 651.4 RAM;1 R
100 ## - MAIN ENTRY--PERSONAL NAME
Personal name Raman, Meenakshi. Singh, Prakash
245 #0 - TITLE STATEMENT
Title Business communication
260 ## - PUBLICATION, DISTRIBUTION, ETC.
Date of publication, distribution, etc. 2006
Name of publisher, distributor, etc. Oxford University Press
Place of publication, distribution, etc. Oxford
300 ## - PHYSICAL DESCRIPTION
Extent xii+595
942 ## - ADDED ENTRY ELEMENTS (KOHA)
Koha item type Hotel Management Library
Holdings
Date last seen Total checkouts Full call number Accession number Cost, total (INR) price Price effective from Category Lost status Damaged status Department Withdrawn status Home library Current library Shelving location Entry date Vendor Cost, normal purchase price Grants Billnumber Billdate Currency symbol Conversion rate Discount Old discount
26/01/2024   651.4 RAM;1 R HM1413 228.00 26/01/2024 Hotel Management Library     HEM   Central Library Central Library HM   BB Books 285.00 HM 114(A) 14/04/2012 RS 1 57 20
26/01/2024   651.4 RAM;2 R1 HM1414 228.00 26/01/2024 Hotel Management Library     HEM   Central Library Central Library HM   BB Books 285.00 HM 114(A) 14/04/2012 RS 1 57 20

© For any Suggestions or Query, please contact the library staff @ librarian@pes.edu or Phone: +9180 2672 1983/ 2108.